CBD in a Nutshell: (Registro nro. 20528)

Detalles MARC
000 -CABECERA
Campo de control 00733nam a22002177a 4500
005 - FECHA Y HORA DE LA ULTIMA TRANSACCION
Campo de control 20191029045055.0
008 - ELEMENTOS DE LONGITUD FIJA—INFORMACION GENERAL
Campo de control 191029b xxu||||| |||| 00| 0 spa d
040 ## - FUENTE DE CATALOGACIÓN
Agencia catalogadora original CO-BoIAVH
Agencia transcriptora CO-BoIAVH
041 ## - IDIOMA
Código de idioma para texto/pista de sonido o título separado Inglés
044 ## - PAÍS DE PUBLICACIÓN
País de publicación Alemania
082 ## - NUMERO DE CLASIFICACION DECIMAL DEWEY
Número de clasificación 333.9507
Número del ítem Sa29c
100 ## - ASIENTO PRINCIPAL--NOMBRE PERSONAL
9 (RLIN) 101787
Nombre personal Sakiyama, Melina
Término relacionado Autor
245 ## - MENCION DE TITULO
Título CBD in a Nutshell:
Parte restante del título A Guidebook to the CBD Process.
260 ## - PUBLICACION, DISTRIBUCION, ETC. (PIE DE IMPRENTA)
Lugar de publicación, distribución, etc. Berlin:
Nombre del editor, distribuidor, etc. Global Youth Biodiversity Network,
Fecha de publicación, distribución, etc. 2016.
300 ## - DESCRIPCION FISICA
Extensión 201 Páginas:
Otros detalles físicos ilustraciones y fotografías,
Dimensiones 21 x 15 cm.
650 #0 - ASIENTO SECUNDARIO DE MATERIA - TERMINO TEMATICO
9 (RLIN) 101790
Término temático o nombre geográfico como elemento de entrada Guía informativa
650 #0 - ASIENTO SECUNDARIO DE MATERIA - TERMINO TEMATICO
9 (RLIN) 109
Término temático o nombre geográfico como elemento de entrada Conservación de los recursos naturales
650 #0 - ASIENTO SECUNDARIO DE MATERIA - TERMINO TEMATICO
9 (RLIN) 1655
Término temático o nombre geográfico como elemento de entrada Biodiversidad biológica.
700 ## - ASIENTO SECUNDARIO - NOMBRE PERSONAL
9 (RLIN) 101788
Nombre personal Schwarzer, Chistian
Término de relación Autor
942 ## - ELEMENTOS ADICIONALES (KOHA)
Sistema de clasificación Dewey Decimal Classification
Tipo de ítem Libro
Existencias
Withdrawn status Lost status Sistema de Clasificación Damaged status No para préstamo Colección Ubicación Permanente Ubicación actual Fecha de adquisición Total Checkouts Número topográfico Inventario / Código de Barras Date last seen Ejemplar Price effective from Forma de adquisición Tipo de material
    Dewey Decimal Classification     General Bogotá Bogotá 29/10/2019   LB-333.9507 Sa29c 043642 29/10/2019 Ej.1 29/10/2019 Canje Libro
    Dewey Decimal Classification     General Bogotá Bogotá 29/10/2019   LB-333.9507 Sa29c 043641 29/10/2019 Ej.2 29/10/2019 Canje Libro